|
|
|
|
| LEADER |
00000nab a2200000ua 4500 |
| 001 |
vtls010837510 |
| 003 |
SK-MaSNL |
| 005 |
20260303220447.0 |
| 008 |
230218s2007 xo |||||||||||||||||slo| |
| 035 |
|
|
|a (urnnbn)urn:nbn:sk:snk:ar-a06uga
|
| 035 |
|
|
|a urn:nbn:sk:snk-ab60ze
|
| 035 |
|
|
|a (uuid)59a567e8-f1ee-48b8-b5a7-8b8dcbd5020f
|
| 040 |
|
|
|a SNKBUCL
|b slo
|c SNKBUCL
|e AACR2
|
| 041 |
0 |
|
|a slo
|
| 044 |
|
|
|a xo
|c SK
|
| 100 |
1 |
|
|a Veselý, Vojtech,
|d 1940-
|4 aut
|9 201574
|
| 245 |
1 |
0 |
|a Silnoprúdové elektronické pružné systémy v elektrizačnej sústave
|c Vojtech Veselý, Zdenka Králová, Alexej Nikolajevič Šarov, Damir Damirovič Latypov
|
| 700 |
1 |
|
|a Králová, Zdenka,
|d 1950-
|4 aut
|9 6312
|
| 700 |
1 |
|
|a Nikolajevič Šarov, Alexej
|4 aut
|9 1253596
|
| 700 |
1 |
|
|a Damirovič Latypov, Damir
|4 aut
|9 1253597
|
| 773 |
0 |
|
|t EE : časopis pre elektrotechniku a energetiku
|g Roč. 13, č. 6 (2007), s. 11-[13]
|
| 954 |
|
|
|a odborná, vedecká literatúra pôvodná (slovenská)
|2 lita
|
| 958 |
|
|
|a OND
|
| 958 |
|
|
|a EUIPO
|
| 958 |
|
|
|a article5
|
| 999 |
|
|
|c 2227331
|d 2229261
|